| 000 | 01091cam a2200349 i 4500 | ||
|---|---|---|---|
| 999 |
_c200453364 _d71576 |
||
| 001 | 200453364 | ||
| 003 | TR-AnTOB | ||
| 005 | 20241121145518.0 | ||
| 007 | ta | ||
| 008 | 160331s2005 tu a $r01 $$$$ tur u | ||
| 020 | _a9759408511 | ||
| 040 |
_aTR-AnTOB _beng _erda _cTR-AnTOB |
||
| 041 | 0 | _atur | |
| 044 | _ctu | ||
| 050 | 1 | _aBP80.A883 | |
| 090 | 0 | 0 |
_aBP80.A883 _bA85 2005 |
| 100 | 1 |
_aAşkar, Mustafa, _d1963- _eauthor _9142291 |
|
| 245 | 1 | 0 |
_aÇankırılı Astarlızâde Mehmed Hilmi Efendi (K.S.) / _cDoç. Dr. Mustafa Aşkar. |
| 250 | _aBirinci basım | ||
| 264 | 1 |
_aİstanbul : _bMustafa Aşkar, _c2005. |
|
| 300 |
_a256 pages : _bphotographs ; _c21 cm |
||
| 336 |
_atext _btxt _2rdacontent |
||
| 337 |
_aunmediated _bn _2rdamedia |
||
| 338 |
_avolume _bnc _2rdacarrier |
||
| 504 | _aBIBINDX | ||
| 600 | 0 | 0 |
_aAstarlızâde Mehmed Hilmi Efendi, _d1876-1962 _9142292 |
| 650 | 0 | _aAstarlızâde Mehmed Hilmi Efendi -- 1876-1962 | |
| 650 | 0 |
_aMutasavvıflar _zTürkiye _vBiyografi _977467 |
|
| 650 | 0 |
_aTasavvuf _zTürkiye _9100121 |
|
| 942 |
_2lcc _cBK |
||